Využitie húb v ekologizácii poľnohospodárskej výroby

Bibliographic Details
Main Author: Ginterová, Anastázia, 1930-2008 (Author)
Format: Article
Language:Slovak
PhysicalDescription:Lit. 5 zázn. v angl., slov.
ISSN:0044-4863
Subjects:

MARC

LEADER 00000nab a2200000 a 4500
001 vtls000501469
003 SK-MaSNL
005 20260304084939.0
008 250425c1993 xo 0 slo
015 |a SNBRB19rr/mm-uuuuu 
035 |a CL0501607 
035 |a urn:nbn:sk:snk-abbnym 
035 |a (urnnbn)urn:nbn:sk:snk:ar-006djm 
035 |a (uuid)9dffd2df-4b30-4b6b-b225-3ddf412817d8 
040 |a SNKBUCL  |b slo  |c SNKBUCL  |e AACR2 
041 0 |a slo 
044 |a xo  |c SK 
080 |a 631.147:635.8  |2 1981 
080 |a 635.8  |2 1981 
080 |a 613.2  |2 1981 
100 1 |a Ginterová, Anastázia,  |d 1930-2008  |4 aut  |9 113634 
245 1 0 |a Využitie húb v ekologizácii poľnohospodárskej výroby  |c Anastázia Ginterová 
300 |b Lit. 5 zázn. v angl., slov. 
650 0 7 |a poľnohospodárska výroba  |2 snkbucl  |9 973 
650 0 7 |a huby  |2 snkbucl  |9 3562 
650 0 7 |a výživa obyvateľstva  |2 snkbucl  |9 24061 
655 7 |a články z novín a časopisov  |2 snkbucl  |9 267496 
773 0 |t Životné prostredie  |g Roč. 27, č. 5 (1993), s. 255-256  |x 0044-4863 
850 |a Slovenská národná knižnica 
852 |a Slovenská národná knižnica 
954 |a odborná, vedecká literatúra pôvodná (slovenská)  |2 lita 
958 |a article15 
958 |a NB 
958 |a RK 
958 |a MI 
958 |a OND 
958 |a EUIPO 
992 |a RBX 
999 |c 2805752  |d 2807682